Game of Thrones Characters by Death - Statistics

General Stats
  • This quiz has been taken 458 times
    441 since last reset
  • The average score is 58 of 114
Answer Stats
Seaon Character % Correct
1 Eddard Stark
95%
3 Catelyn Stark
89%
3 Robb Stark
88%
1 Robert Baratheon
84%
6 Tommen Baratheon
84%
4 Joffrey Baratheon
83%
4 Tywin Lannister
81%
5 Myrcella Baratheon
79%
4 Oberyn Martell
79%
5 Stannis Baratheon
79%
1 Khal Drogo
78%
6 Margaery Tyrell
77%
6 Rickon Stark
77%
6 Ser Loras Tyrell
77%
6 Ramsay Bolton
76%
2 Renly Baratheon
76%
7 Olenna Tyrell
74%
6 Hodor
73%
6 Roose Bolton
73%
4 Shae
73%
1 Viserys Targaryen
73%
1 Jon Arryn
71%
7 Petyr Baelish
71%
6 Walder Frey
68%
4 Lysa Arryn
67%
4 Ygritte
67%
1 Lady
66%
6 Mace Tyrell
66%
1 Will
66%
3 Jeor Mormont
64%
5 Shireen Baratheon
64%
6 Ser Lancel Lannister
63%
6 Balon Greyjoy
62%
5 Barristan Selmy
61%
1 Jory Cassel
61%
3 Talisa Stark
61%
6 Grand Maester Pycelle
59%
3 Grey Wind
59%
5 Mance Rayder
59%
4 Jojen Reed
58%
6 High Sparrow
57%
2 Maester Luwin
57%
3 Craster
56%
4 Grenn
56%
5 Maester Aemon
56%
5 Meryn Trant
56%
6 Olly
56%
6 Osha
56%
6 Ser Kevan Lannister
56%
3 Ros
55%
6 Shaggydog
55%
6 Alliser Thorne
54%
2 Rodrik Cassel
53%
6 Summer
53%
6 Doran Martell
51%
7 Viserion
51%
7 Dickon Tarly
50%
6 Ser Brynden Tully
50%
1 Syrio Forel
50%
3 Rickard Karstark
49%
5 Selyse Baratheon
49%
1 Septa Mordane
48%
7 Benjen Stark
47%
2 Doreah
46%
2 Irri
46%
5 Janos Slynt
46%
1 Mycah
46%
7 Obara Sand
46%
7 Thoros of Myr
46%
7 Nymeria Sand
44%
7 Randyll Tarly
44%
6 Trystane Martell
44%
7 Tyene Sand
44%
6 Walda Frey
44%
6 The Waif
43%
4 Rast
42%
2 Xaro Zhoan Daxos
42%
3 Hoster Tully
41%
1 Mirri Maz Duur
41%
6 Wun Weg Wun Dar Wun
41%
2 Yoren
40%
2 Lommy Greenhands
39%
4 Polliver
39%
2 Pyat Pree
39%
2 Qhorin
39%
6 Lothar Frey
37%
4 Pypar
36%
4 Karl Tanner
35%
6 Three-eyed Raven
35%
4 Locke
34%
6 Leaf
33%
1 Rhaego
33%
2 The Tickler
33%
6 Jon Umber
32%
6 Lady Crane
31%
2 Matthos Seaworth
31%
5 Myranda
31%
4 Styr
31%
2 Maester Cressen
28%
3 Orell
28%
5 Hizdahr zo Loraq
25%
6 Ser Walder Rivers
24%
1 Qotho
23%
6 Smalljon Umber
23%
2 Rakharo
22%
4 Rorge
20%
5 Lord of Bones
19%
6 Areo Hotah
17%
4 Dontos Hollard
17%
2 The Spice King
16%
2 The High Septon
15%
4 Biter
13%
3 Kraznys mo Nakloz
13%
1 Ser Waymer Royce
12%
No matching quizzes found
Score Distribution
Percent of People with Each Score
Percentile by Number Answered
Your Score History
You have not taken this quiz since the last reset